[Event "Elista-ch 7th"]
[Site "Elista"]
[Date "2009.07.11"]
[Round "9"]
[White "Sangadzhiev, German"]
[Black "Asarkhinov, Badma"]
[Result "0-1"]
[WhiteElo "2141"]
[BlackElo "1909"]
[PlyCount "122"]
[EventDate "2009.07.03"]
[EventType "tourn"]
[EventRounds "9"]
[EventCountry "RUS"]
[SourceTitle "EXT 2022"]
[Source "ChessBase"]
[SourceDate "2021.10.06"]
[SourceVersion "1"]
[SourceVersionDate "2021.10.06"]
[SourceQuality "1"]

1. e4 Nc6 2. Nc3 e6 3. d4 d5 4. Nf3 Bb4 5. e5 h5 6. a3 Bxc3+ 7. bxc3 Na5 8. Be2 Nc4 9. Ng5 g6 10. Bxc4 dxc4 11. Ne4 Qd5 12. f3 b6 13. a4 Bb7 14. a5 Qb5 15. Bg5 h4 16. axb6 axb6 17. Rxa8+ Bxa8 18. Nf6+ Nxf6 19. Bxf6 Rh5 20. h3 Qb2 21. Kd2 b5 22. Qa1 Qxa1 23. Rxa1 Bc6 24. Kc1 Kd7 25. Kb2 Kc8 26. Ka3 Kb7 27. Kb4 Kb6 28. Ra5 Rh7 29. Bg5 Rh8 30. Be3 Bd5 31. Rxb5+ Kc6 32. Bg5 Ra8 33. Rc5+ Kd7 34. Ra5 Rb8+ 35. Rb5 Ra8 36. Kc5 Kc8 37. Rb1 Ra2 38. Bxh4 Rxc2 39. Kb4 Rxg2 40. Bf6 Rg3 41. h4 Rxf3 42. Bg5 Kd7 43. Bf6 Rf2 44. Bg5 Kc6 45. Ka3 Be4 46. Rb2 Rf1 47. Bd8 Rc1 48. Bg5 Rf1 49. Bd8 Bd3 50. Be7 Re1 51. Rh2 Rc1 52. Bb4 Rb1 53. h5 gxh5 54. Rxh5 Kb5 55. Rh2 Rb3+ 56. Ka2 Rxb4 57. cxb4 Kxb4 58. Rf2 Bg6 59. Rf6 c6 60. Rf4 Kc3 61. Ka3 Kd2 0-1

[Event "Elista-ch 7th"]
[Site "Elista"]
[Date "2009.07.10"]
[Round "8"]
[White "Wagner, Dinara"]
[Black "Sangadzhiev, German"]
[Result "1/2-1/2"]
[WhiteElo "2058"]
[BlackElo "2141"]
[PlyCount "118"]
[EventDate "2009.07.03"]
[EventType "tourn"]
[EventRounds "9"]
[EventCountry "RUS"]
[SourceTitle "EXT 2022"]
[Source "ChessBase"]
[SourceDate "2021.10.06"]
[SourceVersion "1"]
[SourceVersionDate "2021.10.06"]
[SourceQuality "1"]

1. e4 c5 2. Nf3 d6 3. d4 cxd4 4. Nxd4 Nf6 5. Nc3 a6 6. a4 e5 7. Nb3 Be7 8. Bc4 Be6 9. Qe2 Qc7 10. Bxe6 fxe6 11. 0-0 0-0 12. f4 Nbd7 13. Be3 exf4 14. Bxf4 Nc5 15. Qc4 Qc8 16. Nxc5 Qxc5+ 17. Qxc5 dxc5 18. Rad1 Rad8 19. Bg3 Rd4 20. e5 Ng4 21. Rxf8+ Kxf8 22. Rxd4 cxd4 23. Nd1 Ke8 24. Kf1 Kd7 25. Ke2 Kc6 26. Kf3 Nh6 27. Ke4 Kc5 28. Bf2 Kb4 29. b3 Ng4 30. Be1+ Ka3 31. h3 Ne3 32. Nxe3 dxe3 33. Kxe3 Kb2 34. Kd3 Bg5 35. Bd2 Be7 36. Bc3+ Kc1 37. Bd4 Kd1 38. Bf2 Bd8 39. c3 Bc7 40. Bg3 Bb8 41. b4 b5 42. axb5 axb5 43. Kd4 Ba7+ 44. Kd3 Bb8 45. c4 bxc4+ 46. Kxc4 Ke2 47. Kc5 Kf1 48. Kb6 Kxg2 49. Kb7 Kxg3 50. Kxb8 Kxh3 51. b5 g5 52. b6 g4 53. b7 g3 54. Kc7 g2 55. b8Q g1Q 56. Qb3+ Kh2 57. Qxe6 Qa7+ 58. Kd8 h5 59. Qf5 Qa5+ 1/2-1/2

[Event "Elista-ch 7th"]
[Site "Elista"]
[Date "2009.07.09"]
[Round "7"]
[White "Akunka, Dmitry"]
[Black "Sangadzhiev, German"]
[Result "0-1"]
[WhiteElo "2029"]
[BlackElo "2141"]
[PlyCount "46"]
[EventDate "2009.07.03"]
[EventType "tourn"]
[EventRounds "9"]
[EventCountry "RUS"]
[SourceTitle "EXT 2022"]
[Source "ChessBase"]
[SourceDate "2021.10.06"]
[SourceVersion "1"]
[SourceVersionDate "2021.10.06"]
[SourceQuality "1"]

1. d4 Nf6 2. c4 e6 3. Nf3 c5 4. Nc3 cxd4 5. Nxd4 d6 6. e4 a6 7. Be3 b6 8. g3 Bb7 9. Bg2 Qc7 10. Qe2 Be7 11. 0-0 0-0 12. Rac1 Nbd7 13. b4 Ne5 14. c5 bxc5 15. bxc5 dxc5 16. Na4 Bxe4 17. Bf4 Qb7 18. Bxe5 cxd4 19. Rc7 Qd5 20. Nb6 Qxe5 21. Nxa8 Rxa8 22. Rxe7 Rd8 23. Rc1 Qd5 0-1

[Event "Elista-ch 7th"]
[Site "Elista"]
[Date "2009.07.06"]
[Round "4"]
[White "Sangadzhiev, German"]
[Black "Arshaev, Ajush"]
[Result "1-0"]
[WhiteElo "2141"]
[BlackElo "1619"]
[PlyCount "86"]
[EventDate "2009.07.03"]
[EventType "tourn"]
[EventRounds "9"]
[EventCountry "RUS"]
[SourceTitle "EXT 2022"]
[Source "ChessBase"]
[SourceDate "2021.10.06"]
[SourceVersion "1"]
[SourceVersionDate "2021.10.06"]
[SourceQuality "1"]

1. e4 e6 2. d4 d5 3. Nc3 Bb4 4. e5 c5 5. a3 Bxc3+ 6. bxc3 Ne7 7. Qg4 Ng6 8. h4 h5 9. Qg3 Nc6 10. Bd3 Nce7 11. Bg5 Qa5 12. Ne2 Bd7 13. 0-0 Bb5 14. Bxe7 Nxe7 15. Qxg7 Rg8 16. Qh7 c4 17. Nf4 cxd3 18. Nxh5 Rf8 19. Nf6+ Kd8 20. Qg7 Kc7 21. Nh7 Nf5 22. Qf6 Rfe8 23. g4 Ne7 24. Qxf7 dxc2 25. Nf6 Qxc3 26. Rac1 Qc6 27. Rfe1 Bd3 28. h5 b6 29. g5 Kb7 30. g6 Bf5 31. g7 Qc7 32. Nxe8 Rxe8 33. Qxe8 Bh7 34. Qh8 Bg8 35. h6 Qc3 36. h7 Qf3 37. hxg8Q Qg4+ 38. Kf1 Nxg8 39. Qxg8 Qh3+ 40. Ke2 Qg4+ 41. Kd3 Qf3+ 42. Kxc2 Qxf2+ 43. Kb1 Qf3 1-0

[Event "Elista-ch 7th"]
[Site "Elista"]
[Date "2009.07.03"]
[Round "1"]
[White "Shovunov, Baatr"]
[Black "Sangadzhiev, German"]
[Result "1/2-1/2"]
[WhiteElo "2309"]
[BlackElo "2141"]
[PlyCount "177"]
[EventDate "2009.07.03"]
[EventType "tourn"]
[EventRounds "9"]
[EventCountry "RUS"]
[SourceTitle "EXT 2022"]
[Source "ChessBase"]
[SourceDate "2021.10.06"]
[SourceVersion "1"]
[SourceVersionDate "2021.10.06"]
[SourceQuality "1"]

1. e4 c5 2. Nf3 d6 3. c3 Nf6 4. Be2 e5 5. 0-0 Be7 6. d4 exd4 7. cxd4 Nxe4 8. Bb5+ Bd7 9. Bxd7+ Nxd7 10. Re1 d5 11. dxc5 Ndxc5 12. Nd4 0-0 13. f3 Ng5 14. Nc3 Nge6 15. Be3 Bg5 16. Qd2 Bxe3+ 17. Rxe3 Nxd4 18. Qxd4 Ne6 19. Qxd5 Qb6 20. Qd2 Rfd8 21. Qf2 Rd4 22. Rae1 Rad8 23. g3 h5 24. Re5 h4 25. Nb5 Rd2 26. Qxb6 axb6 27. R5e2 h3 28. Kf2 Nc5 29. Rxd2 Rxd2+ 30. Re2 Nd3+ 31. Ke3 Rxe2+ 32. Kxe2 Nxb2 33. Nd6 Kf8 34. Kd2 Ke7 35. Nf5+ Kf6 36. Ne3 Ke5 37. Kc3 Na4+ 38. Kb4 Nc5 39. Kc4 f5 40. Nd1 f4 41. Nf2 fxg3 42. hxg3 h2 43. Ng4+ Kd6 44. Nxh2 Kc6 45. Ng4 b5+ 46. Kd4 Ne6+ 47. Ke5 Nc5 48. f4 Nd3+ 49. Ke6 Nc1 50. f5 Nxa2 51. Ne5+ Kc5 52. Kf7 Nc3 53. Kxg7 Ne4 54. f6 Nxf6 55. Kxf6 Kd4 56. Nd7 b4 57. Nb6 b3 58. Na4 b5 59. Nb2 Kc3 60. g4 Kxb2 61. g5 Kc2 62. g6 b2 63. g7 b1Q 64. g8Q Qf1+ 65. Ke5 Qe1+ 66. Kd6 Qb4+ 67. Kd7 Qd4+ 68. Ke7 b4 69. Qa2+ Kc1 70. Qe6 Qc3 71. Qh6+ Kd1 72. Qh5+ Kc2 73. Qe2+ Qd2 74. Qe4+ Kd1 75. Qb1+ Ke2 76. Kf8 Qf4+ 77. Kg7 Qg3+ 78. Kh8 Qc3+ 79. Kg8 b3 80. Qe4+ Kf2 81. Qf4+ Kg2 82. Qe4+ Qf3 83. Qd4 Qa8+ 84. Kg7 Qb7+ 85. Kh8 b2 86. Qd2+ Kg3 87. Qe3+ Kg4 88. Qe6+ Kf4 89. Qf7+ 1/2-1/2

[Event "Moscow op-B"]
[Site "Moscow"]
[Date "2009.02.04"]
[Round "5"]
[White "Sangadzhiev, German"]
[Black "Harutyunian, Tigran K"]
[Result "0-1"]
[WhiteElo "2180"]
[BlackElo "1980"]
[PlyCount "126"]
[EventDate "2009.01.31"]
[EventType "swiss"]
[EventRounds "9"]
[EventCountry "RUS"]
[SourceTitle "EXT 2012"]
[Source "ChessBase"]
[SourceDate "2011.11.24"]
[SourceVersion "1"]
[SourceVersionDate "2011.11.24"]
[SourceQuality "1"]

1. d4 d5 2. c4 e6 3. Nc3 Nf6 4. Bg5 Be7 5. e3 0-0 6. Nf3 h6 7. Bh4 b6 8. cxd5 Nxd5 9. Bxe7 Qxe7 10. e4 Nxc3 11. bxc3 Bb7 12. Bd3 c5 13. 0-0 Rd8 14. Qa4 cxd4 15. cxd4 a6 16. Rfe1 Nc6 17. d5 Nb4 18. Rad1 Nxd3 19. Rxd3 exd5 20. e5 Rac8 21. Nd4 Rc4 22. Qd1 Bc8 23. f4 g6 24. Kh1 Kh7 25. Qd2 Be6 26. Qe3 b5 27. Qf2 Qc5 28. Qh4 Rd7 29. Nxe6 fxe6 30. Qg4 Qe7 31. Rh3 Rdc7 32. Rhe3 Rc1 33. Qe2 Rxe1+ 34. Qxe1 Qc5 35. Qf2 Qc2 36. Qh4 Qd2 37. Re1 Qxa2 38. Qd8 Qc4 39. h4 b4 40. h5 gxh5 41. f5 Qc5 42. f6 Qc6 43. Rf1 Rf7 44. Rf3 h4 45. Qa5 b3 46. Qd2 Qc2 47. Qxc2+ bxc2 48. Rc3 Kg6 49. Rxc2 Kf5 50. Re2 d4 51. Kh2 d3 52. Re1 d2 53. Rd1 Kxe5 54. Rxd2 Kxf6 55. Ra2 Ra7 56. Ra5 e5 57. Kh3 Kf5 58. Kxh4 Kf4 59. g3+ Ke4 60. Kh5 Rg7 61. g4 Rg5+ 62. Kxh6 Rxg4 63. Rxa6 Kf3 0-1

[Event "Elista Chess City op 10th"]
[Site "Elista"]
[Date "2008.09.19"]
[Round "6"]
[White "Akunka, Dmitry"]
[Black "Sangadzhiev, German"]
[Result "1/2-1/2"]
[WhiteElo "1879"]
[BlackElo "2159"]
[PlyCount "75"]
[EventDate "2008.09.16"]
[EventType "swiss"]
[EventRounds "9"]
[EventCountry "RUS"]
[SourceTitle "CBM 126 Extra"]
[Source "ChessBase"]
[SourceDate "2008.11.05"]
[SourceVersion "1"]
[SourceVersionDate "2008.11.05"]
[SourceQuality "1"]

1. Nf3 Nf6 2. c4 c5 3. Nc3 e6 4. g3 b6 5. Bg2 Bb7 6. 0-0 Be7 7. d4 cxd4 8. Qxd4 d6 9. b3 a6 10. Bb2 Nbd7 11. Rad1 0-0 12. Ng5 Bxg2 13. Kxg2 Ne8 14. Nf3 Bf6 15. Qd2 Nc5 16. Qc2 Nc7 17. Nd4 Qc8 18. b4 Qb7+ 19. Kg1 Nd7 20. Qe4 Qxe4 21. Nxe4 d5 22. Nxf6+ Nxf6 23. cxd5 Ncxd5 24. a3 Rfc8 25. Rc1 Ne4 26. Nc6 Nec3 27. Ne7+ Nxe7 28. Bxc3 Rc4 29. Be5 Rac8 30. Rxc4 Rxc4 31. Rd1 Nd5 32. Bd4 Kf8 33. e4 Nc3 34. Bxc3 Rxc3 35. Rd6 Ke7 36. Rxb6 Rxa3 37. b5 axb5 38. Rxb5 1/2-1/2

[Event "Elista-ch "]
[Site "Elista"]
[Date "2008.07.30"]
[Round "11"]
[White "Sangadzhiev, German"]
[Black "Shovunov, Baatr"]
[Result "0-1"]
[WhiteElo "2159"]
[BlackElo "2315"]
[PlyCount "84"]
[EventDate "2008.07.21"]
[EventType "tourn"]
[EventRounds "11"]
[EventCountry "RUS"]
[SourceTitle "EXT 2022"]
[Source "ChessBase"]
[SourceDate "2021.10.06"]
[SourceVersion "1"]
[SourceVersionDate "2021.10.06"]
[SourceQuality "1"]

1. Nf3 Nf6 2. b3 d6 3. d4 Bg4 4. e3 Nbd7 5. Bb2 c6 6. Be2 Qc7 7. Nh4 Bxe2 8. Qxe2 d5 9. Nd2 e6 10. e4 dxe4 11. Nxe4 Nxe4 12. Qxe4 Qa5+ 13. c3 Ba3 14. Bxa3 Qxa3 15. 0-0 Nf6 16. Qe2 0-0 17. f4 Rfe8 18. Rae1 a5 19. Rf3 Qd6 20. Ref1 Qd5 21. Rd3 Rad8 22. c4 Qe4 23. Qd2 h6 24. Re1 Qh7 25. Re5 b6 26. f5 Ng4 27. Re1 exf5 28. Rf1 g6 29. d5 cxd5 30. Rxd5 Rxd5 31. cxd5 Qg7 32. h3 Nf6 33. d6 Ne4 34. d7 Rd8 35. Qd5 Nc5 36. Qd6 Rxd7 37. Qb8+ Kh7 38. Qxb6 Qd4+ 39. Kh1 Ne4 40. Qxd4 Rxd4 41. Rc1 Rd2 42. Rc7 Kg7 0-1

[Event "Elista-ch "]
[Site "Elista"]
[Date "2008.07.28"]
[Round "9"]
[White "Sangadzhiev, German"]
[Black "Borisov, Sergey"]
[Result "1-0"]
[WhiteElo "2159"]
[BlackElo "2163"]
[PlyCount "119"]
[EventDate "2008.07.21"]
[EventType "tourn"]
[EventRounds "11"]
[EventCountry "RUS"]
[SourceTitle "EXT 2022"]
[Source "ChessBase"]
[SourceDate "2021.10.06"]
[SourceVersion "1"]
[SourceVersionDate "2021.10.06"]
[SourceQuality "1"]

1. g3 Nf6 2. Bg2 d5 3. c4 c6 4. Nf3 Bg4 5. cxd5 cxd5 6. Qb3 Qb6 7. Qxb6 axb6 8. Nc3 e6 9. Ne5 Nc6 10. Nxg4 Nxg4 11. d3 Bc5 12. 0-0 0-0 13. h3 Nf6 14. Bd2 Ra6 15. e3 d4 16. Nb5 Rd8 17. Rfd1 dxe3 18. Bxe3 Ra5 19. d4 Be7 20. Nc3 Nd5 21. Nxd5 exd5 22. a3 Bf6 23. Rd3 h6 24. Rad1 b5 25. b4 Ra6 26. Bf1 Rda8 27. Bc1 Na7 28. Rc3 Rc6 29. Rc5 Rd8 30. Bg2 b6 31. Rxc6 Nxc6 32. Bb2 Rd6 33. Bf1 Na7 34. Kg2 Rc6 35. Bd3 Kf8 36. Re1 Rc7 37. Rd1 Ke7 38. f4 Kd8 39. Kf3 Re7 40. g4 Re8 41. Ra1 Nc6 42. Bxb5 Nxd4+ 43. Bxd4 Bxd4 44. Bxe8 Bxa1 45. Bxf7 Bb2 46. a4 Bc3 47. b5 d4 48. g5 d3 49. h4 Ke7 50. Bb3 Bd2 51. Ke4 Bc1 52. Bc4 d2 53. Bb3 Bb2 54. Kf5 hxg5 55. hxg5 Bc3 56. Kg6 Kf8 57. f5 Ke7 58. Kh7 Kf8 59. f6 gxf6 60. a5 1-0

[Event "Elista-ch "]
[Site "Elista"]
[Date "2008.07.26"]
[Round "6"]
[White "Sarmutkin, Sergey"]
[Black "Sangadzhiev, German"]
[Result "1/2-1/2"]
[WhiteElo "2045"]
[BlackElo "2159"]
[PlyCount "82"]
[EventDate "2008.07.21"]
[EventType "tourn"]
[EventRounds "11"]
[EventCountry "RUS"]
[SourceTitle "EXT 2022"]
[Source "ChessBase"]
[SourceDate "2021.10.06"]
[SourceVersion "1"]
[SourceVersionDate "2021.10.06"]
[SourceQuality "1"]

1. d4 Nf6 2. c4 e6 3. Nf3 b6 4. a3 d5 5. Nc3 Be7 6. g3 Bb7 7. Bg2 0-0 8. 0-0 Nbd7 9. cxd5 Nxd5 10. Qc2 Nxc3 11. bxc3 Nf6 12. a4 Be4 13. Qb3 c5 14. Rd1 Qd5 15. c4 Qb7 16. a5 cxd4 17. a6 Qc8 18. Bb2 Nd7 19. Bxd4 Nc5 20. Qe3 Bc6 21. h4 Nxa6 22. Bh3 Bxf3 23. Qxf3 Bc5 24. Bb2 Nc7 25. h5 h6 26. Qg4 Ne8 27. Bg2 Rb8 28. Rxa7 b5 29. Rad7 bxc4 30. Be5 Rb1 31. Rxb1 Qxd7 32. Qxc4 Qa7 33. Qf4 Qa6 34. Qf3 Bd6 35. Bd4 Qa5 36. e4 Qg5 37. Qe2 e5 38. Be3 Qe7 39. Qa6 Bc5 40. Rb7 Qd6 41. Qxd6 Nxd6 1/2-1/2

[Event "Elista-ch "]
[Site "Elista"]
[Date "2008.07.23"]
[Round "3"]
[White "Sangadzhiev, German"]
[Black "Chub, Alexey"]
[Result "1-0"]
[WhiteElo "2159"]
[BlackElo "1772"]
[PlyCount "175"]
[EventDate "2008.07.21"]
[EventType "tourn"]
[EventRounds "11"]
[EventCountry "RUS"]
[SourceTitle "EXT 2022"]
[Source "ChessBase"]
[SourceDate "2021.10.06"]
[SourceVersion "1"]
[SourceVersionDate "2021.10.06"]
[SourceQuality "1"]

1. d4 Nf6 2. c4 g6 3. Nc3 Bg7 4. e4 d6 5. f3 0-0 6. Be3 e5 7. d5 Nh5 8. Nge2 f5 9. Qd2 Nd7 10. 0-0-0 a5 11. Kb1 b6 12. Nc1 Nc5 13. Nd3 f4 14. Bf2 Rf7 15. Nxc5 bxc5 16. Bd3 Bd7 17. Bc2 Qe8 18. Qe2 Rb8 19. Kc1 Kh8 20. b3 Kg8 21. Kd2 Qf8 22. Rb1 g5 23. a3 g4 24. Be1 Bh6 25. Kd1 Rg7 26. Nb5 gxf3 27. gxf3 Bh3 28. Qf2 Kh8 29. Rg1 Rxg1 30. Qxg1 Qf7 31. Bd3 Rg8 32. Qf2 Ng3 33. Bxa5 Bf8 34. Bxc7 Rg6 35. Kc1 Be7 36. Bxd6 Nh1 37. Bxe5+ Bf6 38. Bxf6+ Qxf6 39. Qb2 Rg1+ 40. Kc2 Qxb2+ 41. Rxb2 Nf2 42. Rb1 Rg2 43. Kd2 Nxd3+ 44. Kxd3 Rf2 45. Nd4 cxd4 46. Kxd4 Rxf3 47. c5 Re3 48. c6 Re2 49. d6 Rd2+ 50. Ke5 f3 51. d7 f2 52. Rf1 Bxf1 53. c7 Bh3 54. d8Q+ Kg7 55. Qg5+ Kh8 56. Qf6+ Kg8 57. b4 Rc2 58. Qg5+ Kh8 59. Qf6+ Kg8 60. Qd8+ Kg7 61. Qe7+ Kg8 62. Qd8+ Kg7 63. Qf6+ Kg8 64. c8Q+ Bxc8 65. Qg5+ Kh8 66. Qd8+ Kg7 67. Qd3 Rd2 68. Qf1 Bd7 69. b5 Ra2 70. b6 Bc6 71. a4 Rb2 72. Ke6 Kf8 73. Qa1 Bxe4 74. Qxb2 Bd5+ 75. Kxd5 f1Q 76. Qb4+ Kf7 77. b7 Qd3+ 78. Kc5 Qe3+ 79. Qd4 Qa3+ 80. Kc6 Qc1+ 81. Qc5 Qb2 82. Qd5+ Kg7 83. Qd7+ Kh6 84. Qd6+ Kg7 85. b8Q Qc2+ 86. Qc5 Qxa4+ 87. Qbb5 Qe4+ 88. Kc7 1-0